Представление документа в формате MARC21

Поле Инд. ПП Название Значение
Тип записи a
Библиографический уровень m
001 Контрольный номер RU/IS/BASE/213718778
005 Дата корректировки 20230516114508.4
008 Кодируемые данные 20061009
022 a ISSN 1727-4893
040 b Код языка каталог. rus
e Правила каталог. PSBO
041 0_ a Код языка текста rus
084 a Индекс другой классификации/Индекс ББК 63.3(2)5-76; 85.333(2Рос)53; 76.173(2Рос)53; 78.33(2Рос)5
090 a Полочн. индекс 95.2
x Авторский знак Б 595
245 10 a Заглавие Библиотечное дело
n Номер части/ раздела №8/2006
c Ответственность гл. ред. Т. Филиппова
260 a Место издания Санкт-Петербург
b Издательство Агентство Информ-Планета
c Дата издания 2006
300 a Объем 44 с.
500 a Примечание Журнал
505 a Форматированное содержание Благотворительность по закону
b Автор Акрамовская А.
505 a Форматированное содержание Где же вы, новые Морозовы?
b Автор Коробкина Т.
505 a Форматированное содержание Вот так голова!
b Автор Филиппова Т.
505 a Форматированное содержание Частная инициатива
b Автор Николаева Е.
505 a Форматированное содержание Коммерсант, страстный театрал и меценат
b Автор Шор Л.
505 a Форматированное содержание "...Разум человеческий без Откровения бессилен..."
b Автор Демина И.
505 a Форматированное содержание Он учил Россию чтению
b Автор Барская С.
600 a Персоналии Морозова Варвара Алексеевна
a Персоналии Маразли Григорий Григорьевич
a Персоналии Киприанов Василий Васильевич
a Персоналии Киприанов Василий Анофриевич
a Персоналии Чертков Григорий Александрович
a Персоналии Молчанов Анатолий Евграфович
a Персоналии Ольденбургский Петр Георгиевич
a Персоналии Павленков Флорентий Федорович
650 a Основная рубрика библиотечное дело
653 a Ключевые слова XIX век
a Ключевые слова XX век
a Ключевые слова XVIII век
a Ключевые слова Библиотека-читальня им. И. С. Тургенева
a Ключевые слова библиотеки
a Ключевые слова благотворительная деятельность
a Ключевые слова благотворительность
a Ключевые слова история
a Ключевые слова история библиотек
a Ключевые слова история благотворительности
a Ключевые слова история театра
a Ключевые слова купечество
a Ключевые слова меценатство
a Ключевые слова Москва
a Ключевые слова Одесса
a Ключевые слова приюты
a Ключевые слова просвещение
a Ключевые слова Россия
a Ключевые слова Русское театральное общество
a Ключевые слова Санкт-Петербург
a Ключевые слова филантропия
a Ключевые слова чтение
700 a Автор Акрамовская А.
700 1_ a Автор Коробкина Т.
700 1_ a Автор Филиппова Т.
700 1_ a Автор Николаева Е.
700 1_ a Автор Шор Л.
700 1_ a Автор Демина И.
700 1_ a Автор Барская С.
773 w Контрольный № источника RU/IS/BASE/406137935
901 t Тип документа s